| 000 | 01320nam a2200361 4500 | ||
|---|---|---|---|
| 001 | 43887317 | ||
| 003 | OCoLC | ||
| 005 | 20220719202746.0 | ||
| 008 | 000419t19981998ohua j 000 1 spa d | ||
| 020 |
_a0922852464 _qpaperback |
||
| 020 | _a9780922852468 | ||
| 040 |
_aDVA _beng _erda _cDVA _dJQF |
||
| 041 | 1 |
_aspa _heng |
|
| 100 | 1 | _aGiff, Patricia Reilly. | |
| 240 | 0 | 0 |
_aLazy lions, lucky lambs. _lSpanish. |
| 245 | 1 | 0 |
_aLeones perezosos, corderos afortunados / _cpor Patricia Giff ; ilustraciones de Blanche Sims ; [traduccion de Consuelo Gonzalez de Ortega] |
| 260 |
_aCincinnati, Ohio : _bAnother Language Press, _c[1998] |
||
| 264 | 1 |
_aCincinnati, Ohio : _bAnother Language Press, _c[1998] |
|
| 264 | 4 | _c℗♭1998. | |
| 300 |
_a76 pages : _billustrations ; _c20 cm. |
||
| 336 |
_atext _btxt _2rdacontent. |
||
| 337 |
_aunmediated _bn _2rdamedia. |
||
| 338 |
_avolume _bnc _2rdacarrier. |
||
| 490 | 1 | _aEl caballo volador. | |
| 500 | _aTranslation of: Lazy lions, lucky lambs. | ||
| 520 | _aMarch is the worst month for Richard Best, it's report card time and if he doesn't get good grades he might be left back again. | ||
| 650 | 1 |
_aSchools _vFiction. |
|
| 650 | 1 | _aSpanish language materials. | |
| 655 | 7 |
_aFiction. _2lcgft. |
|
| 700 | 1 | _aSims, Blanche. | |
| 830 | 0 | _aCaballo volador. | |
| 942 | _cBK | ||
| 999 |
_c27248 _d27248 |
||